| 000 | 00858nam a2200253 u 4500 | ||
|---|---|---|---|
| 005 | 20210223133308.0 | ||
| 008 | 170529s2005 r 000 0 eng d | ||
| 020 | _a9586825515 | ||
| 035 | _aUPN01000218235 | ||
| 049 | _aCG | ||
| 050 | 4 |
_aHC123 _bD4.6 |
|
| 100 | 1 |
_aDevlin, Robert _934196 |
|
| 245 | 1 | 4 |
_aLas nuevas fronteras de América Latina / _cRobert Devlin, Antoni Estevadeordal, Ernesto Stein ; colab. Rita Funaro. |
| 260 |
_aBogotá : _bBanco Interamericano de Desarrollo : _bAlfaomega, _cc2005. |
||
| 300 |
_a64 p. : _bil. |
||
| 440 | 0 |
_aDesarrollo para todos ; _v5 |
|
| 651 | 4 |
_aAMERICA LATINA - _xINTEGRACION ECONOMICA _93981 |
|
| 650 | 4 |
_aREGIONALISMO - _zAMERICA LATINA _96385 |
|
| 700 | 1 |
_aEstevadeordal, Antoni, _ecoaut. |
|
| 700 | 1 |
_aStein, Ernesto, _ecoaut. |
|
| 700 | 1 |
_aFunaro, Rita, _ecolab. |
|
| 905 | _aLibro | ||
| 999 |
_c190335 _d190335 |
||